| 000 | 004350000a22001690004500 | ||
|---|---|---|---|
| 003 | MACL | ||
| 005 | 20160113161024.0 | ||
| 008 | 160113b xxu||||| |||| 00| 0 eng d | ||
| 040 |
_aMACL _cMACL |
||
| 041 | _aEnglish | ||
| 082 | _a954/SAS | ||
| 100 |
_aSastri, K A Nilakanta _916313 |
||
| 245 | _aAge of the Nandas And Mauryas | ||
| 260 |
_bMotilal Banarsidass _c1952 _aBanaras |
||
| 650 |
_aHistory _931964 |
||
| 942 |
_cBK _k954/Sas _2ddc |
||
| 999 |
_c36167 _d36167 |
||